000 01139nam a2200277Ia 4500
003 OSt
005 20221005105640.0
006 a|||||r|||| 00| 0
007 ta
008 221004b |||||||| |||| 00| 0 hin d
020 _a817055182X (hbk)
_c300
024 _a96650
037 _b570, 23/03/2009, Vani Prakashan
_cTextual
040 _aCRL
_cCRL
_bhin
041 _2hin
_ahin
082 _aV2.N7, 152P2;P5
100 _aशौरी, अरूण
245 0 _aजाने - माने इतिहासकार
_b कार्यविधि, दिशा और उनके छल
246 _aJāne - māne itihāsakāra: kāryavidhi, dishā aur unake chhala
260 _aनई दिल्ली
_bवाणी प्रकाशन भारत
_c2005
300 _a265पृ0
_ccm.
490 _aएमिनेन्ट हिस्टोरियन्स
700 _a शमशेर सिंह, अनु.
942 _hV2.N7, 152P2;P5
_cTEXL
_2cc
999 _c1016456
_d1016456